000 00242 a2200109 4500
001 60265
082 _a954.0254 ABU
090 _c37007
_d37007
245 _aAaeen-e-Akabari
_hUrdu
250 _a2nd
260 _aLahore
_bSang-e-Meel Lahore
942 _aCAE NUST
_k954.0254 ABU
999 _c295338
_d295338